000 00547nam a2200181Ia 4500
008 220216s9999 xx 000 0 und d
100 _aJeyanny V
_cet al
245 0 _aCarbon stocks in different carbon pools of a tropical lowland forest and a montane forest with varying topography
260 _bJournal of Tropical Forest Science
_c2014
300 _a560-571
650 _aBiomass
650 _aCarbon storage
650 _aComponents
650 _aElevation
650 _aTemperature
650 _aTopographical diversity
942 _cJS
999 _c55188
_d55188